El neoliberalismo como destrucción creativa /

Đã lưu trong:
Chi tiết về thư mục
Tác giả chính: Harvey, David
Định dạng: Texto
Các nhãn: Thêm thẻ
Không có thẻ, Là người đầu tiên thẻ bản ghi này!

MARC

LEADER 00000 a a2200000 04500
001 43815
003
040
100 |a Harvey, David  
245 |a El neoliberalismo como destrucción creativa /  |c David Harvey  
773 |g páginas 1-22  
999 |c 39428  |d 39428